[Event "24. OSREDNJA SLOVENSKA LIGA 2023"]
[Site "gostovanja"]
[Date "2023.10.19"]
[Round "5.4"]
[White "Vodnik, Val"]
[Black "Raspor, Gregor"]
[Result "1-0"]
[WhiteElo "1556"]
[BlackElo "2007"]
[PlyCount "69"]
[EventDate "2023.10.20"]
[WhiteTeam "SD VRHNIKA"]
[BlackTeam "SK TRZIN BUSCOTRADE"]

1. d4 Nf6 2. c4 e6 3. Nf3 d5 4. g3 Bb4+ 5. Bd2 Be7 6. Bg2 c6 7. Qc2 Nbd7 8. O-O
O-O 9. b3 b6 10. Nc3 Ba6 11. cxd5 cxd5 12. Rfe1 Rc8 13. Qb2 h6 14. Rac1 Bd6 15.
Bf4 Bxf4 16. gxf4 Qe7 17. e3 Rfd8 18. Kh1 Ne8 19. Rg1 Nd6 20. Bf1 Bxf1 21.
Rgxf1 Nf6 22. Rg1 Nfe4 23. Nxe4 Nxe4 24. Ne5 Qb7 25. f3 Nd6 26. Qg2 f6 27. Ng4
Kh8 28. Rxc8 Rxc8 29. Nxf6 gxf6 30. Qg6 Nf5 31. Qxf6+ Ng7 32. Qxh6+ Kg8 33.
Qxe6+ Kf8 34. Qh6 Qf7 35. f5 1-0

[Event "24. OSREDNJA SLOVENSKA LIGA 2023"]
[Site "gostovanja"]
[Date "2023.10.19"]
[Round "5.1"]
[White "Juhant, Igor"]
[Black "Plaskan, Jure"]
[Result "1/2-1/2"]
[WhiteElo "1945"]
[BlackElo "2261"]
[PlyCount "59"]
[EventDate "2023.10.20"]
[WhiteTeam "SK KOMENDA POPOTNIK"]
[BlackTeam "SD DOMZALE"]

1. e4 c5 2. Nf3 e6 3. Nc3 a6 4. d4 cxd4 5. Nxd4 b5 6. Bd3 Qb6 7. Nb3 Qc7 8. a4
b4 9. Ne2 Nf6 10. O-O Bb7 11. f3 Nc6 12. Bf4 Ne5 13. Qd2 d5 14. Bxe5 Qxe5 15.
f4 Qc7 16. e5 Nd7 17. f5 Nxe5 18. fxe6 fxe6 19. Rae1 O-O-O 20. Nf4 Qb6+ 21. Kh1
Nc4 22. Qe2 Nxb2 23. Nxe6 Nxd3 24. cxd3 Re8 25. a5 Qd6 26. Nbd4 Kb8 27. Nf5 Qc6
28. Qe5+ Ka7 29. Qd4+ Kb8 30. Qe5+ 1/2-1/2

[Event "24. OSREDNJA SLOVENSKA LIGA 2023"]
[Site "gostovanja"]
[Date "2023.10.19"]
[Round "5.2"]
[White "Debevec, Blaz"]
[Black "Zidar, Jernej"]
[Result "0-1"]
[WhiteElo "2100"]
[BlackElo "1976"]
[PlyCount "84"]
[EventDate "2023.10.20"]
[WhiteTeam "SD DOMZALE"]
[BlackTeam "SK KOMENDA POPOTNIK"]

1. e4 c5 2. Nf3 d6 3. d4 cxd4 4. Nxd4 Nf6 5. f3 a6 6. c4 e5 7. Nb3 Be6 8. Nc3
Be7 9. Be3 Nbd7 10. Rc1 Rc8 11. Nd5 Bxd5 12. exd5 O-O 13. Bd3 Nh5 14. Qd2 f5
15. O-O g6 16. Qa5 Bg5 17. Bxg5 Qxg5 18. Qd2 Qxd2 19. Nxd2 Nf4 20. Bb1 Ne2+ 21.
Kf2 Nxc1 22. Rxc1 Rc7 23. b4 b5 24. Bd3 Rfc8 25. g4 bxc4 26. Rxc4 fxg4 27. a4
Nb6 28. Rxc7 Rxc7 29. Bxa6 Rc2 30. Ke1 Nxa4 31. fxg4 Rb2 32. b5 Nc3 33. Nc4
Rb1+ 34. Kd2 Nxb5 35. Kc2 Rb4 36. Bxb5 Rxb5 37. Nxd6 Rxd5 38. Ne4 Rd4 39. Nf6+
Kg7 40. g5 Rh4 41. Kd3 Rxh2 42. Ke4 Rg2 0-1

[Event "24. OSREDNJA SLOVENSKA LIGA 2023"]
[Site "gostovanja"]
[Date "2023.10.19"]
[Round "5.3"]
[White "Perme, Martin"]
[Black "Markosek, Bine"]
[Result "1-0"]
[WhiteElo "1759"]
[BlackElo "1821"]
[PlyCount "83"]
[EventDate "2023.10.20"]
[WhiteTeam "SK KOMENDA POPOTNIK"]
[BlackTeam "SD DOMZALE"]

1. e4 e5 2. f4 Bc5 3. Nf3 d6 4. Bc4 Nc6 5. Nc3 Nf6 6. d3 Ng4 7. Ng5 O-O 8. f5
Bf2+ 9. Kf1 Ne3+ 10. Bxe3 Bxe3 11. h4 Bxg5 12. hxg5 Qxg5 13. Rh5 Qf4+ 14. Kg1
Qe3+ 15. Kh1 Ne7 16. Qg4 Qf4 17. Qh3 h6 18. Rh4 Qg5 19. Rh5 Qf4 20. Rh4 Qg5 21.
Rf1 Ng6 22. Rg4 Nf4 23. Rfxf4 Qxf4 24. Rxf4 exf4 25. Qg4 c6 26. Qxf4 b5 27. Bb3
a5 28. a4 b4 29. Ne2 d5 30. exd5 cxd5 31. Bxd5 Ra6 32. Bc4 Rf6 33. g4 Bb7+ 34.
Kh2 Re8 35. Ng3 Rc8 36. Nh5 Rfc6 37. f6 g5 38. Qf5 Rxc4 39. dxc4 Rxc4 40. Qb5
Rxc2+ 41. Kh3 Bc6 42. Qb8+ 1-0

[Event "24. OSREDNJA SLOVENSKA LIGA 2023"]
[Site "gostovanja"]
[Date "2023.10.19"]
[Round "5.4"]
[White "Timagina, Sofia"]
[Black "Cimperman, Teo"]
[Result "1-0"]
[WhiteElo "1463"]
[BlackElo "1640"]
[PlyCount "87"]
[EventDate "2023.10.20"]
[WhiteTeam "SD DOMZALE"]
[BlackTeam "SK KOMENDA POPOTNIK"]

1. e4 c5 2. Nf3 Nc6 3. d4 cxd4 4. Nxd4 g6 5. Nc3 Bg7 6. Be3 Nf6 7. Bc4 O-O 8.
Bb3 d6 9. h3 Bd7 10. O-O a6 11. Qd2 b5 12. a3 Rc8 13. Rad1 Nxd4 14. Bxd4 Bc6
15. Rfe1 Qd7 16. Nd5 Bxd5 17. Bxd5 e6 18. Bb3 e5 19. Bxe5 Rfd8 20. Bxf6 Bxf6
21. e5 Be7 22. e6 Qc7 23. exf7+ Kg7 24. Re2 Bf6 25. Rde1 Rf8 26. c3 Rcd8 27.
Re8 Qd7 28. Rxf8 Rxf8 29. Qd5 h6 30. Qe4 h5 31. Rd1 Qc7 32. Qd5 Rd8 33. Qe6 a5
34. Re1 Rf8 35. Qe8 Be5 36. Qxb5 Rb8 37. Qe8 Rxe8 38. fxe8=Q Qb6 39. Qg8+ Kh6
40. Qf8+ Bg7 41. Qf4+ Kh7 42. Qf7 Kh6 43. Re7 Be5 44. h4 1-0

[Event "24. OSREDNJA SLOVENSKA LIGA 2023"]
[Site "gostovanja"]
[Date "2023.10.19"]
[Round "5.1"]
[White "Skok, Boris"]
[Black "Logar, Metod"]
[Result "1/2-1/2"]
[WhiteElo "1938"]
[BlackElo "1981"]
[PlyCount "25"]
[EventDate "2023.10.20"]
[WhiteTeam "SD CRNI GRABEN"]
[BlackTeam "DRUSTVO TOMO ZUPAN KRANJ"]

1. d4 Nf6 2. c4 e6 3. Nf3 d5 4. Nc3 Be7 5. Bf4 O-O 6. e3 c5 7. dxc5 Bxc5 8. Qc2
Nc6 9. Rd1 Qe7 10. a3 d4 11. exd4 Nxd4 12. Nxd4 Bxd4 13. Be2 1/2-1/2

[Event "24. OSREDNJA SLOVENSKA LIGA 2023"]
[Site "gostovanja"]
[Date "2023.10.19"]
[Round "5.2"]
[White "Planinsek, Bojan"]
[Black "Hribar, Janez"]
[Result "0-1"]
[WhiteElo "1707"]
[BlackElo "1888"]
[PlyCount "62"]
[EventDate "2023.10.20"]
[WhiteTeam "DRUSTVO TOMO ZUPAN KRANJ"]
[BlackTeam "SD CRNI GRABEN"]

1. e4 Nf6 2. e5 Nd5 3. d4 d6 4. Nf3 Bg4 5. h3 Bh5 6. Be2 e6 7. O-O Be7 8. Re1
O-O 9. c4 Nb6 10. Qc2 Nc6 11. Be3 Bg6 12. Bd3 Nb4 13. Qb3 Nxd3 14. Rd1 dxe5 15.
dxe5 Qe8 16. Rxd3 Bxd3 17. Qxd3 Rd8 18. Qc2 Qd7 19. Nbd2 Qd3 20. Qc1 Bb4 21. b3
Nd7 22. Bf4 Bc3 23. Rb1 Bxe5 24. Be3 c5 25. Qa3 b6 26. Qxa7 Ra8 27. Nxe5 Nxe5
28. Qxb6 Rxa2 29. Rf1 Nd7 30. Qb5 Rxd2 31. Bxd2 Qxd2 0-1

[Event "24. OSREDNJA SLOVENSKA LIGA 2023"]
[Site "gostovanja"]
[Date "2023.10.19"]
[Round "5.3"]
[White "Osolin, Bogdan"]
[Black "Demsar, Maks"]
[Result "0-1"]
[WhiteElo "1965"]
[BlackElo "1532"]
[PlyCount "88"]
[EventDate "2023.10.20"]
[WhiteTeam "SD CRNI GRABEN"]
[BlackTeam "DRUSTVO TOMO ZUPAN KRANJ"]

1. e4 e5 2. Nf3 Nc6 3. Nc3 Nf6 4. Bb5 Bb4 5. d3 d6 6. O-O h6 7. Nd5 Ba5 8. b4
Bb6 9. a4 O-O 10. c3 Nxd5 11. exd5 a6 12. Bc4 Ne7 13. a5 Ba7 14. h3 Ng6 15. Be3
f5 16. Re1 Qf6 17. Qd2 Bxe3 18. fxe3 f4 19. e4 Nh4 20. Rf1 Nxf3+ 21. Rxf3 g5
22. d4 Kh7 23. dxe5 Qxe5 24. Raf1 Kg7 25. Qd4 Bd7 26. Bd3 Rae8 27. h4 Rf6 28.
hxg5 hxg5 29. g3 Bh3 30. R1f2 Bg4 31. gxf4 Qxd4 32. cxd4 Bxf3 33. Rxf3 Rxf4 34.
Rg3 g4 35. Re3 Kf6 36. Re1 Kg5 37. Rc1 Re7 38. Kg2 Rf3 39. Rd1 Kf4 40. Bc2 g3
41. Rd2 Rh7 42. Kg1 Rh2 43. Rxh2 gxh2+ 44. Kxh2 Rf2+ 0-1

[Event "24. OSREDNJA SLOVENSKA LIGA 2023"]
[Site "gostovanja"]
[Date "2023.10.19"]
[Round "5.4"]
[White "Smirnov, Maksim"]
[Black "Majcen, Zoran"]
[Result "1/2-1/2"]
[WhiteElo "1491"]
[BlackElo "1800"]
[PlyCount "48"]
[EventDate "2023.10.20"]
[WhiteTeam "DRUSTVO TOMO ZUPAN KRANJ"]
[BlackTeam "SD CRNI GRABEN"]

1. d4 e6 2. Bf4 Nf6 3. e3 b6 4. Nf3 Bb7 5. Nbd2 Be7 6. c3 O-O 7. Bd3 d6 8. a3
c5 9. O-O cxd4 10. exd4 Nc6 11. Ne4 h6 12. Re1 Nxe4 13. Bxe4 Na5 14. Qe2 Bxe4
15. Qxe4 d5 16. Qe2 Nc4 17. Ne5 Nxe5 18. Bxe5 Bf6 19. Bxf6 Qxf6 20. a4 a5 21.
Qb5 Rab8 22. Re3 Qf5 23. Rae1 Qc2 24. R3e2 Qf5 1/2-1/2

[Event "24. OSREDNJA SLOVENSKA LIGA 2023"]
[Site "gostovanja"]
[Date "2023.10.19"]
[Round "5.1"]
[White "Keber, Aljosa"]
[Black "Veskovic, Dzemal"]
[Result "1-0"]
[WhiteElo "1861"]
[BlackElo "1824"]
[PlyCount "93"]
[EventDate "2023.10.20"]
[WhiteTeam "SK KOMENDA POGI"]
[BlackTeam "SD MENGES - TRZIN"]

1. e4 e6 2. d4 d6 3. Nc3 Be7 4. Nf3 Nd7 5. Bd3 e5 6. O-O Ngf6 7. d5 O-O 8. Re1
Nc5 9. Bf1 Bg4 10. b4 Ncd7 11. Qd3 a5 12. Ba3 axb4 13. Bxb4 b6 14. h3 Bxf3 15.
Qxf3 g6 16. a4 Nh5 17. Bb5 f5 18. exf5 Rxf5 19. Qd1 Rf4 20. Re4 Ndf6 21. Rxf4
Nxf4 22. Bc6 Rb8 23. Nb5 Qc8 24. Ra3 Bd8 25. Re3 Qf5 26. Nxd6 cxd6 27. Bxd6 Ne4
28. Bxb8 Nxh3+ 29. Rxh3 Qxf2+ 30. Kh1 Ng3+ 31. Rxg3 Qxg3 32. Bd7 Bg5 33. Be6+
Kg7 34. Qf3 Qe1+ 35. Kh2 Qh4+ 36. Bh3 Qe1 37. g3 h5 38. Qf1 Qd2+ 39. Bg2 Qd4
40. Qd3 Qxa4 41. Bxe5+ Kh6 42. Qf3 Qe8 43. Bf4 Qd8 44. Bxg5+ Qxg5 45. Qf4 Qxf4
46. gxf4 g5 47. d6 1-0

[Event "24. OSREDNJA SLOVENSKA LIGA 2023"]
[Site "gostovanja"]
[Date "2023.10.19"]
[Round "5.2"]
[White "Simicak, Metod"]
[Black "Babarovic, Fran"]
[Result "1-0"]
[WhiteElo "1741"]
[BlackElo "1653"]
[PlyCount "95"]
[EventDate "2023.10.20"]
[WhiteTeam "SD MENGES - TRZIN"]
[BlackTeam "SK KOMENDA POGI"]

1. e4 e5 2. Nc3 Nf6 3. Bc4 Bc5 4. Nf3 d6 5. h3 O-O 6. O-O Nc6 7. a3 a6 8. d3
Be6 9. Ba2 h6 10. Be3 Ba7 11. b4 d5 12. Bxa7 Rxa7 13. exd5 Nxd5 14. Qe1 Nxc3
15. Bxe6 fxe6 16. Qxc3 Nd4 17. Nxd4 exd4 18. Qc4 Rf6 19. Rae1 Qd6 20. Re4 Ra8
21. Rxd4 Qe5 22. Re4 Qd6 23. Rfe1 Re8 24. Qc5 Qxc5 25. bxc5 Rf5 26. d4 Kf7 27.
f4 Re7 28. g4 Rd5 29. Kf2 Red7 30. c3 Re7 31. f5 e5 32. Rxe5 Red7 33. Rxd5 Rxd5
34. Re5 Rd7 35. Ke3 Kf6 36. Ke4 Kg5 37. Kf3 Kh4 38. Re1 Rf7 39. Kg2 h5 40. Re4
Kg5 41. Kg3 h4+ 42. Kf3 g6 43. Re5 gxf5 44. Rxf5+ Rxf5+ 45. gxf5 Kxf5 46. d5
Ke5 47. c4 Kd4 48. d6 1-0

[Event "24. OSREDNJA SLOVENSKA LIGA 2023"]
[Site "gostovanja"]
[Date "2023.10.19"]
[Round "5.3"]
[White "Macek, Inti"]
[Black "Grasic, Marjan"]
[Result "1-0"]
[WhiteElo "1472"]
[BlackElo "1625"]
[PlyCount "105"]
[EventDate "2023.10.20"]
[WhiteTeam "SK KOMENDA POGI"]
[BlackTeam "SD MENGES - TRZIN"]

1. d4 d5 2. c4 c6 3. Nc3 Bf5 4. Qb3 Qd7 5. cxd5 cxd5 6. Qxd5 e6 7. Qxd7+ Kxd7
8. e4 Bg6 9. Bb5+ Kd8 10. Nge2 Bb4 11. f3 a6 12. Bd3 Nd7 13. a3 Ba5 14. b4 Bb6
15. Na4 Ba7 16. Bb2 Ne7 17. Kd2 b5 18. Nc5 Nxc5 19. dxc5 f6 20. Rhd1 Nc6 21.
Ke1 Ke7 22. Nd4 Nxd4 23. Bxd4 e5 24. Bf2 Bf7 25. Bb1 Bb3 26. Rd2 Rhd8 27. Ba2
Bxa2 28. Raxa2 g5 29. Rxd8 Rxd8 30. Rd2 Rxd2 31. Kxd2 Kd8 32. h4 h6 33. hxg5
hxg5 34. Ke2 Bb8 35. Be3 Kd7 36. Kf2 Bc7 37. Kg3 Bd8 38. Kg4 Ke6 39. g3 Bc7 40.
f4 gxf4 41. gxf4 Bb8 42. f5+ Kf7 43. Kh5 Bc7 44. Kh6 Bd8 45. c6 Bc7 46. Bc5 a5
47. Kh7 axb4 48. axb4 Ke8 49. Kg7 Bd8 50. Bd6 Be7 51. Bxe7 Kxe7 52. c7 Kd7 53.
Kxf6 1-0

[Event "24. OSREDNJA SLOVENSKA LIGA 2023"]
[Site "gostovanja"]
[Date "2023.10.19"]
[Round "5.4"]
[White "Saradjen, Darja"]
[Black "Zagar, Katarina"]
[Result "1-0"]
[WhiteElo "1607"]
[BlackElo "1149"]
[PlyCount "83"]
[EventDate "2023.10.20"]
[WhiteTeam "SD MENGES - TRZIN"]
[BlackTeam "SK KOMENDA POGI"]

1. e4 e5 2. Nf3 Nc6 3. c3 Nf6 4. d3 Be7 5. h3 h6 6. Be2 d6 7. O-O O-O 8. Re1
Be6 9. Be3 d5 10. Qc2 d4 11. Bc1 Qd7 12. Nbd2 b5 13. a3 a5 14. c4 b4 15. a4 Qd6
16. b3 Nd7 17. Nf1 Nc5 18. Ng3 Bd7 19. Rb1 Qg6 20. Nh2 Bh4 21. Bh5 Qf6 22. Nhf1
Bg5 23. Qe2 Bxc1 24. Rexc1 Ne7 25. Rd1 Ng6 26. Bxg6 Qxg6 27. Qf3 f6 28. Nf5
Bxf5 29. exf5 Qf7 30. Ng3 Qe7 31. Re1 Qd6 32. Nh5 Rae8 33. Ng3 Re7 34. Ne4 Nxe4
35. Rxe4 c5 36. Rbe1 Rfe8 37. Rh4 Kh8 38. Ree4 Qc6 39. Qg4 Qd7 40. Qg6 Rf8 41.
Rh5 Rff7 42. Rg4 1-0

[Event "24. OSREDNJA SLOVENSKA LIGA 2023"]
[Site "gostovanja"]
[Date "2023.10.19"]
[Round "5.1"]
[White "Butala, Marjan"]
[Black "Jukan, Nesib"]
[Result "1/2-1/2"]
[WhiteElo "1897"]
[BlackElo "1949"]
[PlyCount "60"]
[EventDate "2023.10.20"]
[WhiteTeam "KPSRD KAREL JERAJ"]
[BlackTeam "SK TRZIN PEKOS PUB"]

1. Nf3 Nf6 2. c4 c5 3. Nc3 Nc6 4. g3 g6 5. Bg2 Bg7 6. O-O O-O 7. d4 cxd4 8.
Nxd4 Nxd4 9. Qxd4 d6 10. Bg5 Be6 11. Qh4 Rc8 12. b3 Qa5 13. Rac1 Rc5 14. Bd2
Rh5 15. Qf4 Bh3 16. Na4 Qd8 17. Bxh3 Rxh3 18. Qf3 Qd7 19. Qg2 Qe6 20. f3 Bh6
21. Bxh6 Rxh6 22. e4 g5 23. Nc3 Rg6 24. Nd5 h5 25. Rce1 Qe5 26. Qd2 h4 27. g4
Re8 28. Qc3 Nd7 29. Qe3 b6 30. Rf2 e6 1/2-1/2

[Event "24. OSREDNJA SLOVENSKA LIGA 2023"]
[Site "gostovanja"]
[Date "2023.10.19"]
[Round "5.2"]
[White "Lanjscek, Miha"]
[Black "Novakovic, Novica"]
[Result "1/2-1/2"]
[WhiteElo "1785"]
[BlackElo "1644"]
[PlyCount "40"]
[EventDate "2023.10.20"]
[WhiteTeam "SK TRZIN PEKOS PUB"]
[BlackTeam "KPSRD KAREL JERAJ"]

1. d4 c6 2. c4 d5 3. cxd5 cxd5 4. Bg5 Qa5+ 5. Nc3 e6 6. e3 Bd7 7. Bd3 Be7 8.
Bxe7 Nxe7 9. Nf3 Nbc6 10. Rc1 Nb4 11. Bb1 Rc8 12. O-O Ng6 13. h4 Qd8 14. h5 Ne7
15. Ne5 Nbc6 16. Nxd7 Qxd7 17. Qg4 g6 18. Qg5 Ng8 19. Rfe1 Qe7 20. Qg3 Nf6
1/2-1/2

[Event "24. OSREDNJA SLOVENSKA LIGA 2023"]
[Site "gostovanja"]
[Date "2023.10.19"]
[Round "5.3"]
[White "Vertacnik, Viktor"]
[Black "Konvalinka, Kostja"]
[Result "1/2-1/2"]
[WhiteElo "1549"]
[BlackElo "1726"]
[PlyCount "49"]
[EventDate "2023.10.20"]
[WhiteTeam "KPSRD KAREL JERAJ"]
[BlackTeam "SK TRZIN PEKOS PUB"]

1. e4 c5 2. c3 d5 3. exd5 Qxd5 4. d4 e6 5. Nf3 Nc6 6. Be2 Nf6 7. O-O cxd4 8.
cxd4 Be7 9. Nc3 Qd8 10. h3 O-O 11. Be3 h6 12. Qd2 Re8 13. Rfd1 Nb4 14. Bf4 Nbd5
15. Be5 Bd7 16. Rac1 Bc6 17. a3 a6 18. Bh2 Rc8 19. Ne5 Qb6 20. Nxc6 Rxc6 21.
Bf3 Qb3 22. Nxd5 exd5 23. Rxc6 bxc6 24. Rc1 Rc8 25. Qc3 1/2-1/2

[Event "24. OSREDNJA SLOVENSKA LIGA 2023"]
[Site "gostovanja"]
[Date "2023.10.19"]
[Round "5.4"]
[White "Leben, Dusan"]
[Black "Cizman, Gregor"]
[Result "1-0"]
[WhiteElo "1804"]
[BlackElo "1504"]
[PlyCount "59"]
[EventDate "2023.10.20"]
[WhiteTeam "SK TRZIN PEKOS PUB"]
[BlackTeam "KPSRD KAREL JERAJ"]

1. e4 c6 2. d4 d5 3. e5 Bf5 4. Bd3 Bxd3 5. Qxd3 e6 6. Be3 Qa5+ 7. c3 Qa6 8. Qe2
Qxe2+ 9. Nxe2 Nd7 10. f4 g6 11. Nd2 c5 12. b3 cxd4 13. Nxd4 a6 14. Ke2 Ne7 15.
Rac1 Nf5 16. Nxf5 gxf5 17. Rhg1 Rg8 18. h3 h5 19. g3 Rc8 20. Kf3 Be7 21. c4 Bb4
22. cxd5 Rxc1 23. Rxc1 Kd8 24. d6 f6 25. Nc4 fxe5 26. Nb6 e4+ 27. Kf2 Nxb6 28.
Bxb6+ Kd7 29. Rd1 Bxd6 30. Bc5 1-0

[Event "24. OSREDNJA SLOVENSKA LIGA 2023"]
[Site "gostovanja"]
[Date "2023.10.19"]
[Round "5.1"]
[White "Grabljevec, Stane"]
[Black "Peric, Bernard"]
[Result "0-1"]
[WhiteElo "1785"]
[BlackElo "2160"]
[PlyCount "58"]
[EventDate "2023.10.20"]
[WhiteTeam "SD MEDVODE"]
[BlackTeam "SK VISNJA GORA STICNA"]

1. e4 c5 2. Nc3 g6 3. g3 Bg7 4. Bg2 Nc6 5. Nf3 e6 6. O-O Nge7 7. d3 O-O 8. Rb1
b6 9. Ne2 Bb7 10. d4 cxd4 11. Nexd4 Nxd4 12. Nxd4 d5 13. exd5 Bxd5 14. Nb3 Rc8
15. c3 Bc4 16. Re1 a5 17. Ra1 a4 18. Nd2 Bb5 19. a3 Qc7 20. Nf1 Rfd8 21. Qg4
Nd5 22. Ne3 Nxc3 23. Qh4 Ne2+ 24. Kh1 Nxc1 25. Raxc1 Qxc1 26. Qxd8+ Rxd8 27.
Rxc1 Bxb2 28. Rb1 Rd2 29. h4 Bd3 0-1

[Event "24. OSREDNJA SLOVENSKA LIGA 2023"]
[Site "gostovanja"]
[Date "2023.10.19"]
[Round "5.2"]
[White "Medvesek, Janez"]
[Black "Jese, Janez"]
[Result "1-0"]
[WhiteElo "1836"]
[BlackElo "1718"]
[PlyCount "47"]
[EventDate "2023.10.20"]
[WhiteTeam "SK VISNJA GORA STICNA"]
[BlackTeam "SD MEDVODE"]

1. d4 d5 2. c4 dxc4 3. e3 e5 4. Bxc4 exd4 5. Nf3 Nf6 6. O-O Bd6 7. exd4 O-O 8.
Nc3 Bg4 9. Bg5 Nbd7 10. Re1 Re8 11. Ne4 Be7 12. Qb3 Bh5 13. Ng3 Bg6 14. Nh4 Rf8
15. Ngf5 Bd6 16. Nxd6 cxd6 17. Nxg6 hxg6 18. Qxb7 Nb6 19. Bb3 d5 20. Bf4 Re8
21. h3 Nc4 22. Ba4 Rxe1+ 23. Rxe1 Rb8 24. Qxb8 1-0

[Event "24. OSREDNJA SLOVENSKA LIGA 2023"]
[Site "gostovanja"]
[Date "2023.10.19"]
[Round "5.3"]
[White "Cedilnik, Branko"]
[Black "Kirasic, Branko"]
[Result "0-1"]
[WhiteElo "1515"]
[BlackElo "1875"]
[PlyCount "54"]
[EventDate "2023.10.20"]
[WhiteTeam "SD MEDVODE"]
[BlackTeam "SK VISNJA GORA STICNA"]

1. d4 Nf6 2. c4 d6 3. Nc3 g6 4. Bg5 Bg7 5. e3 O-O 6. Bd3 Nbd7 7. Qc2 e5 8. Nge2
c6 9. h4 h6 10. Bxf6 Nxf6 11. O-O-O Ng4 12. Rdf1 h5 13. Kb1 f5 14. Rh3 e4 15.
Nxe4 fxe4 16. Bxe4 Nxf2 17. Bxg6 Nxh3 18. Rxf8+ Qxf8 19. gxh3 Qf1+ 20. Nc1 Qxh3
21. Qf2 Be6 22. d5 cxd5 23. cxd5 Rf8 24. Qd2 Bf5+ 25. Bxf5 Qxf5+ 26. Nd3 Qxd5
27. Qe2 Qe4 0-1

[Event "24. OSREDNJA SLOVENSKA LIGA 2023"]
[Site "gostovanja"]
[Date "2023.10.19"]
[Round "5.4"]
[White "Jancigaj, Saso Valentin"]
[Black "Krupenko, Andrej"]
[Result "1-0"]
[WhiteElo "1673"]
[BlackElo "1269"]
[PlyCount "48"]
[EventDate "2023.10.20"]
[WhiteTeam "SK VISNJA GORA STICNA"]
[BlackTeam "SD MEDVODE"]

1. f4 d5 2. Nf3 e6 3. d4 Nf6 4. e3 c5 5. c3 Nc6 6. Bd3 Be7 7. Nbd2 cxd4 8. exd4
Qc7 9. Ne5 g6 10. O-O Bf8 11. Qe1 Bg7 12. Ndf3 O-O 13. Qh4 Qd8 14. g4 Ne4 15.
g5 Nd6 16. Ng4 Nf5 17. Bxf5 exf5 18. Nf6+ Bxf6 19. gxf6 Na5 20. b3 Bd7 21. Bd2
b6 22. Rfe1 Rc8 23. Re7 Nc6 24. Qh6 Nxe7 1-0

[Event "24. OSREDNJA SLOVENSKA LIGA 2023"]
[Site "gostovanja"]
[Date "2023.10.26"]
[Round "6.1"]
[White "Justin, Matjaz"]
[Black "Gantar, Jan"]
[Result "1/2-1/2"]
[WhiteElo "2227"]
[BlackElo "2223"]
[PlyCount "46"]
[EventDate "2023.10.26"]
[WhiteTeam "SD VRHNIKA"]
[BlackTeam "SK KOMENDA POPOTNIK"]

1. e4 Nf6 2. e5 Nd5 3. d4 d6 4. Nf3 dxe5 5. Nxe5 c6 6. Qf3 Be6 7. c3 Nd7 8.
Nxd7 Qxd7 9. Be2 Nf6 10. O-O Bg4 11. Qd3 Bxe2 12. Qxe2 e6 13. Nd2 Be7 14. Nf3
O-O 15. h3 Rfe8 16. Bf4 Qd5 17. Rfe1 c5 18. c4 Qh5 19. dxc5 Bxc5 20. Qc2 Qf5
21. Qxf5 exf5 22. Rxe8+ Rxe8 23. Re1 Re4 1/2-1/2

[Event "24. OSREDNJA SLOVENSKA LIGA 2023"]
[Site "gostovanja"]
[Date "2023.10.26"]
[Round "6.2"]
[White "Juhant, Igor"]
[Black "Siraj, Anej"]
[Result "1-0"]
[WhiteElo "1945"]
[BlackElo "2048"]
[PlyCount "59"]
[EventDate "2023.10.26"]
[WhiteTeam "SK KOMENDA POPOTNIK"]
[BlackTeam "SD VRHNIKA"]

1. e4 e5 2. Nc3 Nc6 3. f4 exf4 4. Nf3 Nf6 5. e5 Nh5 6. d4 d5 7. Bb5 a6 8. Bxc6+
bxc6 9. O-O c5 10. Kh1 Bg4 11. dxc5 c6 12. Ne2 g5 13. b4 Bg7 14. Bb2 Rb8 15.
Ned4 Qd7 16. Qe1 h6 17. e6 fxe6 18. Ne5 Bxe5 19. Qxe5 Ke7 20. h3 Ng3+ 21. Kg1
Bh5 22. Nf5+ Nxf5 23. Qf6+ Ke8 24. Qxh8+ Kf7 25. Qxb8 d4 26. g4 Nh4 27. Qe5 Bg6
28. Qxd4 Qc7 29. Qg7+ Ke8 30. Qxc7 1-0

[Event "24. OSREDNJA SLOVENSKA LIGA 2023"]
[Site "gostovanja"]
[Date "2023.10.26"]
[Round "6.3"]
[White "Siraj, Svit"]
[Black "Zidar, Jernej"]
[Result "1-0"]
[WhiteElo "1914"]
[BlackElo "1976"]
[PlyCount "71"]
[EventDate "2023.10.26"]
[WhiteTeam "SD VRHNIKA"]
[BlackTeam "SK KOMENDA POPOTNIK"]

1. e4 c5 2. Nf3 d6 3. Bb5+ Bd7 4. Bxd7+ Nxd7 5. O-O g6 6. c3 Bg7 7. d4 Qc7 8.
Qe2 e5 9. Rd1 Ngf6 10. Na3 a6 11. Nc4 O-O 12. Nxd6 exd4 13. e5 Ne8 14. cxd4
cxd4 15. Bf4 Nxd6 16. exd6 Qb6 17. Qd2 Nc5 18. Nxd4 Ne4 19. Qe3 Nxd6 20. Ne6
Qxe3 21. Bxe3 fxe6 22. Rxd6 Rae8 23. g3 Rf7 24. Rb1 Rc7 25. b4 Kf7 26. b5 axb5
27. Rxb5 Ra8 28. Bb6 Re7 29. Bd8 Re8 30. Rxb7+ Kf8 31. Rdd7 Rexd8 32. Rf7+ Kg8
33. Rxg7+ Kf8 34. Rxh7 Kg8 35. Rbg7+ Kf8 36. Rxg6 1-0

[Event "24. OSREDNJA SLOVENSKA LIGA 2023"]
[Site "gostovanja"]
[Date "2023.10.26"]
[Round "6.4"]
[White "Cimperman, Teo"]
[Black "Sever, Gasper"]
[Result "1-0"]
[WhiteElo "1640"]
[BlackElo "1406"]
[PlyCount "41"]
[EventDate "2023.10.26"]
[WhiteTeam "SK KOMENDA POPOTNIK"]
[BlackTeam "SD VRHNIKA"]

1. e4 e5 2. Nf3 Nc6 3. Bb5 a6 4. Ba4 Nf6 5. d3 b5 6. Bb3 Bc5 7. c3 O-O 8. h3 d5
9. exd5 Nxd5 10. O-O Be6 11. Ng5 h6 12. Nxe6 fxe6 13. Nd2 Qh4 14. Nf3 Qf6 15.
Qe2 b4 16. Bd2 a5 17. Ba4 Nde7 18. Qe4 Ra6 19. Qc4 Qg6 20. Qxa6 Nb8 21. Qc4 1-0

[Event "24. OSREDNJA SLOVENSKA LIGA 2023"]
[Site "gostovanja"]
[Date "2023.10.26"]
[Round "6.1"]
[White "Markun, Ozbej"]
[Black "Coklin, Marko"]
[Result "0-1"]
[WhiteElo "1911"]
[BlackElo "2119"]
[PlyCount "54"]
[EventDate "2023.10.26"]
[WhiteTeam "DRUSTVO TOMO ZUPAN"]
[BlackTeam "SK TRZIN BUSCOTRADE"]

1. e4 c5 2. c3 d5 3. exd5 Qxd5 4. d4 Nf6 5. Nf3 e6 6. Bd3 Nc6 7. a3 Be7 8. O-O
O-O 9. Bg5 Rd8 10. Qc2 cxd4 11. cxd4 Nxd4 12. Nxd4 Qxg5 13. Nf3 Qh5 14. Re1 Bd7
15. Nbd2 Rac8 16. Qb3 Bc6 17. Ne5 Ng4 18. Nxg4 Qxg4 19. Ne4 Rd4 20. Ng3 Rcd8
21. Be2 Qf4 22. Rad1 Bc5 23. Nh1 Rd2 24. Qc3 Rxd1 25. Rxd1 Rxd1+ 26. Bxd1 Qe4
27. Qxc5 Qxg2# 0-1

[Event "24. OSREDNJA SLOVENSKA LIGA 2023"]
[Site "gostovanja"]
[Date "2023.10.26"]
[Round "6.2"]
[White "Krupenko, Peter"]
[Black "Demsar, Maks"]
[Result "0-1"]
[WhiteElo "2015"]
[BlackElo "1532"]
[PlyCount "128"]
[EventDate "2023.10.26"]
[WhiteTeam "SK TRZIN BUSCOTRADE"]
[BlackTeam "DRUSTVO TOMO ZUPAN"]

1. c4 e5 2. g3 Nf6 3. Nc3 Nc6 4. Bg2 Bb4 5. Nf3 d6 6. a3 Bxc3 7. bxc3 O-O 8.
O-O Be6 9. d3 h6 10. Rb1 Rb8 11. a4 Nh7 12. e4 g5 13. Ne1 f5 14. exf5 Bxf5 15.
Nc2 Qe8 16. Ne3 Kh8 17. Nxf5 Rxf5 18. Qg4 Rf8 19. h4 Nf6 20. Qe2 Qg6 21. hxg5
hxg5 22. Qe3 Rbe8 23. Rxb7 Nd8 24. Rb8 Ne6 25. Rxe8 Rxe8 26. Bd5 Nf4 27. Bg2
Ne6 28. Be4 Qh6 29. Qf3 Rg8 30. Qh1 Qxh1+ 31. Bxh1 Nc5 32. Be3 Nxa4 33. Ra1
Nxc3 34. Rxa7 Rg7 35. Bf3 g4 36. Ra3 gxf3 37. Rxc3 Ng4 38. Bc1 Rh7 39. d4 e4
40. d5 Rh2 41. Be3 Kg7 42. Rc1 Rg2+ 43. Kf1 Nxe3+ 44. fxe3 Rxg3 45. c5 Kf6 46.
cxd6 cxd6 47. Rc4 Ke5 48. Rd4 Rg2 49. Ra4 Re2 50. Ra3 Kxd5 51. Rc3 Ke5 52. Ra3
Rd2 53. Rb3 Rd3 54. Rb5+ d5 55. Kf2 Rd2+ 56. Kf1 Re2 57. Rb3 Kf5 58. Rb5 Rxe3
59. Rxd5+ Kf4 60. Ra5 Rd3 61. Ra4 Kg3 62. Ke1 f2+ 63. Ke2 Rd1 64. Kxd1 f1=Q+
0-1